书目信息 |
| 题名: |
园林植物育种学
|
|
| 作者: | 戴思兰 主编 | |
| 分册: | ||
| 出版信息: | 北京 中国林业出版社 2007 |
|
| 页数: | 10,289页 | |
| 开本: | 26cm | |
| 丛书名: | ||
| 单 册: | ||
| 中图分类: | S680.3 | |
| 科图分类: | ||
| 主题词: | 园林植物--植物育种--高等学校--教材 , 园林植物 , 植物育种 | |
| 电子资源: | ||
| ISBN: | 978-7-5038-4005-0 | |
| 000 | 00901nam0 2200265 45 | |
| 001 | 1050864968 | |
| 005 | 20100420093940.46 | |
| 010 | @a978-7-5038-4005-0@dCNY26.00 | |
| 100 | @a20100409d2007 ekmy0chiy0120 ea | |
| 101 | 0 | @achi |
| 102 | @aCN@b110000 | |
| 105 | @ay z 000yy | |
| 106 | @ar | |
| 200 | 1 | @a园林植物育种学@AYuan Lin Zhi Wu Yu Zhong Xue@f戴思兰主编@FDai Si Lan Zhu Bian |
| 210 | @a北京@c中国林业出版社@d2007 | |
| 215 | @a10,289页@d26cm | |
| 300 | @a普通高等教育“十五”国家级规划教材高等院校园林专业通用教材 | |
| 330 | @a本书分为15章,阐述了园林植物育种的基本策略,园林植物的种质资源,引种训化,选择育种,有性杂交育种等内容。 | |
| 606 | 0 | @a园林植物@x植物育种@x高等学校@j教材 |
| 606 | 0 | @a园林植物 |
| 606 | 0 | @a植物育种 |
| 690 | @aS680.3@v4 | |
| 701 | 0 | @a戴思兰@ADai Si Lan@g(女,@f1962.1~)@4主编 |
| 801 | 0 | @aCN@bTANGWEI@c20100420 |
| 905 | @b0591206-08@dS680.3@e206@f3 | |
| 园林植物育种学/戴思兰主编.-北京:中国林业出版社,2007 |
| 10,289页;26cm |
| 普通高等教育“十五”国家级规划教材高等院校园林专业通用教材 |
| ISBN 978-7-5038-4005-0:CNY26.00 |
| 本书分为15章,阐述了园林植物育种的基本策略,园林植物的种质资源,引种训化,选择育种,有性杂交育种等内容。 |
| ● |
| 相关链接 |
|
|
|
|
正题名:园林植物育种学
索取号:S680.3/206
 
预约/预借
| 序号 | 登录号 | 条形码 | 馆藏地/架位号 | 状态 | 备注 |
| 1 | 0591206 | 205912066 | 第二样本阅览室/ [索取号:S680.3/206] | 在馆 | |
| 2 | 0591207 | 205912075 | 第三借阅区/ [索取号:S680.3/206] | 在馆 | |
| 3 | 0591208 | 205912084 | 密集书库-生命科学系/ [索取号:S680.3/206] | 在馆 |